[Event "HUN-ch Rapid 2018"]
[Site "Ajka"]
[Date "2018.07.21"]
[Round "6"]
[White "Horvath, Peter"]
[Black "Csonka, Attila Istvan"]
[Result "1/2-1/2"]
[WhiteElo "2438"]
[BlackElo "2337"]
[Annotator "TA"]
[PlyCount "39"]
[EventDate "2018.07.20"]
[EventType "swiss"]
[EventCountry "HUN"]
[SourceTitle "playchess.com"]
[Source "ChessBase"]
[SourceQuality "1"]

{[%evp 13,14,8,34]} 1. d4 Nf6 2. c4 e6 3. Nc3 Bb4 4. Nf3 O-O 5. Bg5 d5 6. cxd5 exd5 7. e3 Bf5 {LiveBook: 5 Games. D38: Queen's Gambit Declined: Ragozin Defence (4 Nf3 Bb4)} {Predecessor:} 8. Qb3 $146 Bxc3+ 9. Qxc3 h6 10. Bh4 g5 11. Bg3 Ne4 12. Qxc7 Nc6 13. Qxd8 Rfxd8 14. Be2 Rac8 15. O-O h5 16. h4 g4 17. Ne5 Nb4 18. Bf4 f6 19. Nd3 Nc3 20. bxc3 {½-½ (20) Ding,L (2774)-Aronian,L (2801) Palma de Mallorca 2017} 1/2-1/2

[Event "HUN-ch Rapid 2018"]
[Site "Ajka"]
[Date "2018.07.21"]
[Round "6"]
[White "Mihok, Oliver"]
[Black "Balog, Imre"]
[Result "0-1"]
[WhiteElo "2426"]
[BlackElo "2613"]
[Annotator "TA"]
[PlyCount "104"]
[EventDate "2018.07.20"]
[EventType "swiss"]
[EventCountry "HUN"]
[SourceTitle "playchess.com"]
[Source "ChessBase"]
[SourceQuality "1"]

{[%evp 23,104,27,29,-21,33,25,52,11,17,-33,-29,-30,-29,-37,-39,-36,-37,-56,-58,-68,-50,-67,-42,-78,-79,-91,-104,-121,-119,-124,-104,-127,-78,-93,-93,-91,-99,-86,-99,-140,-160,-180,-182,-193,-189,-210,-210,-210,-210,-230,-220,-220,-225,-233,-247,-234,-241,-325,-337,-341,-342,-442,-374,-416,-423,-476,-456,-492,-385,-388,-336,-363,-318,-468,-464,-499,-462,-360,-349,-503,-451,-1234,-1222]} 1. e4 e6 2. d4 d5 3. Nc3 dxe4 4. Nxe4 Nd7 5. Nf3 Ngf6 6. Bd3 Nxe4 7. Bxe4 Nf6 8. Bg5 c5 9. O-O cxd4 {C10: French with 3 Nc3: Unusual Black 3rd moves and 3...dxe4} 10. Nxd4 Be7 11. Bf3 O-O 12. Qd3 Qb6 {LiveBook: 8 Games} 13. c3 $146 ({Predecessor:} 13. Rad1 Rd8 14. Qb5 Qc7 15. Nb3 a6 16. Rxd8+ Bxd8 17. Qc5 {½-½ (31) Mchedlishvili,M (2604)-Magalashvili,D (2496) Tbilisi 2017}) 13... a6 (13... Qxb2 $11 14. Rfb1 Qa3) 14. a4 Rd8 15. Qe2 Qc7 16. Rfe1 Ng4 17. Bxg4 {Hoping for Bxe7.} Bxg5 18. Bf3 Bf6 19. Qe4 Rb8 20. a5 Bd7 {[%cal Bc8d7,Bd7e8,Be8a4][%mdl 32]} 21. Red1 Be8 22. g3 Rd7 23. Nb3 Rxd1+ $1 24. Rxd1 {[#]} b6 $1 {[%cal Rb6a5]} 25. Nd2 bxa5 26. Nc4 Ba4 {...Bb3 is the strong threat.} 27. Ra1 Bb3 28. Nxa5 Bd5 29. Qe2 Bxf3 30. Qxf3 Rxb2 31. Nc6 Rb6 32. Nd4 Qc8 33. Kg2 h6 34. h4 Rd6 35. Ra4 Rd5 36. Ne2 Rf5 37. Qe4 a5 38. Rc4 {[#]} Rc5 $1 {[%cal Rc5c4]} 39. Rxc5 Qxc5 40. Qa8+ Kh7 41. Qe4+ g6 42. Qb7 Kg8 43. Qa8+ Kg7 44. Kf1 Qb5 45. c4 Qc5 (45... Qxc4 $2 46. Qxa5 Qd3 47. Qe1 $19) 46. Qa6 Bd8 47. Qb5 Bb6 {[%csl Gb6][%cal Rc5f2]} 48. Qxc5 Bxc5 49. Nc3 f5 50. Ke2 Kf6 51. f3 (51. Na4 $142 Bd4 52. f3) 51... Ke5 $19 52. Na4 (52. Kd3 $142 Bf2 53. Ne2) 52... Kd4 {Precision: White = 21%, Black = 80%.} 0-1

[Event "HUN-ch Rapid 2018"]
[Site "Ajka"]
[Date "2018.07.21"]
[Round "6"]
[White "Jakab, Attila"]
[Black "Volosin, Vladimir"]
[Result "1-0"]
[WhiteElo "2363"]
[BlackElo "2250"]
[Annotator "NA RC"]
[PlyCount "87"]
[EventDate "2018.07.20"]
[EventType "swiss"]
[EventCountry "HUN"]
[SourceTitle "playchess.com"]
[Source "ChessBase"]
[SourceQuality "1"]
[TimeControl "1200+5"]

1. d4 {[%emt 0:00:02]} c6 {[%emt 0:00:48]} 2. c4 {[%emt 0:00:03]} d5 {[%emt 0:00:01]} 3. Nf3 {[%emt 0:00:02]} Nf6 {[%emt 0:00:01]} 4. e3 {[%emt 0:00:02]} Bf5 {[%emt 0:00:06]} 5. Bd3 {[%emt 0:00:03]} Bg6 {[%emt 0:00:02]} 6. O-O {[%emt 0:00:06]} e6 {[%emt 0:00:01]} 7. Nc3 {[%emt 0:00:03]} Be7 {[%emt 0:00:08]} 8. Qe2 {[%emt 0:00:03]} Nbd7 {[%emt 0:00:04]} 9. e4 {[%emt 0:00:21]} dxe4 {[%emt 0:00:03]} 10. Nxe4 Nxe4 {[%emt 0:00:06]} 11. Bxe4 {[%emt 0:00:06]} Nf6 {[%emt 0:00:15]} 12. Bxg6 {[%emt 0:00:03]} hxg6 {[%emt 0:00:02]} 13. Bf4 {[%emt 0:00:24]} O-O {[%emt 0:00:44]} 14. Rad1 {[%emt 0:00:03]} Qa5 {[%emt 0:00:36]} 15. b3 {[%emt 0:00:10]} Rfe8 {[%emt 0:01:19]} 16. Rd3 {[%emt 0:00:12]} c5 {[%emt 0:00:43]} 17. Rfd1 {[%emt 0:00:51]} cxd4 {[%emt 0:00:28]} 18. Nxd4 {[%emt 0:00:07]} Bc5 {[%emt 0:00:34]} 19. Nb5 {[%emt 0:00:26]} e5 {[%emt 0:00:15]} 20. Be3 {[%emt 0:00:07]} e4 {[%emt 0:00:39]} 21. R3d2 {[%emt 0:00:09]} Bb4 {[%emt 0:00:42]} 22. Rc2 {[%emt 0:01:52]} a6 {[%emt 0:00:12]} 23. Nd6 {[%emt 0:00:42]} Bxd6 {[%emt 0:00:58]} 24. Rxd6 {[%emt 0:00:01]} Qe5 {[%emt 0:00:39]} 25. Rcd2 {[%emt 0:00:08]} Re6 {[%emt 0:00:28]} 26. R6d4 {[%emt 0:00:17]} Rae8 {[%emt 0:00:50]} 27. h3 {[%emt 0:00:02]} b5 {[%emt 0:00:43]} 28. b4 {[%emt 0:01:42]} bxc4 {[%emt 0:00:20]} 29. Qxc4 {[%emt 0:00:03]} Qb5 {[%emt 0:00:17]} 30. Qb3 {[%emt 0:00:09]} Rc6 {[%emt 0:00:19]} 31. a4 {[%emt 0:01:13]} Rc1+ {[%emt 0:00:24]} 32. Rd1 {[%emt 0:00:02]} Rxd1+ {[%emt 0:00:16]} 33. Rxd1 {[%emt 0:00:03]} Qe2 {[%emt 0:00:31]} 34. b5 {[%emt 0:00:08]} axb5 {[%emt 0:00:17]} 35. axb5 {[%emt 0:00:02]} Re5 {[%emt 0:00:12]} 36. b6 {[%emt 0:00:12]} Rb5 {[%emt 0:00:06]} 37. Rd8+ {[%emt 0:01:48]} Kh7 {[%emt 0:00:02]} 38. Qxf7 {[%emt 0:00:03]} Rb1+ {[%emt 0:01:29]} 39. Kh2 {[%emt 0:00:02]} Qh5 {[%emt 0:00:11]} 40. Qe6 {[%emt 0:06:32]} Qb5 {[%emt 0:01:39]} 41. Bd4 {[%emt 0:00:42]} Qg5 {[%emt 0:00:48]} 42. Qc8 {[%emt 0:00:23]} Qf4+ {[%emt 0:03:51]} 43. g3 {[%emt 0:00:03]} Ng4+ {[%emt 0:00:04]} 44. Qxg4 1-0

[Event "HUN-ch Rapid 2018"]
[Site "Ajka"]
[Date "2018.07.21"]
[Round "6"]
[White "Hajnal, Zoltan"]
[Black "Banusz, Tamas"]
[Result "0-1"]
[WhiteElo "2357"]
[BlackElo "2592"]
[Annotator "TA"]
[PlyCount "122"]
[EventDate "2018.07.20"]
[EventType "swiss"]
[EventCountry "HUN"]
[SourceTitle "playchess.com"]
[Source "ChessBase"]
[SourceQuality "1"]

{[%evp 18,122,23,13,24,-29,-23,-32,-30,-34,-8,-22,5,9,0,-31,10,11,96,97,109,103,100,97,93,102,175,171,171,151,151,131,191,175,241,178,229,218,218,200,209,197,175,115,395,395,654,601,601,164,1711,1711,1596,1572,1309,0,149,131,155,-8,-24,-49,-56,-81,-100,-88,-91,-92,0,0,0,0,0,0,0,-10,0,0,0,-8,0,0,0,0,0,-287,-290,-291,-285,-235,-27,-80,-71,-133,-127,-133,-131,-29987,-5057,-29977,-29961,-29989,-29990,-29990,-29991,-29998,-29999]} 1. e4 e5 2. Nf3 Nc6 3. Bc4 Bc5 4. c3 Nf6 5. d3 d6 6. Bb3 Bb6 7. h3 {C54: Giuoco Piano: 4 c3 Nf6, main lines with 5 d4 and 5 d3} (7. a4 a6 8. Na3 Ne7 9. a5 Ba7 10. Bg5 Ng6 11. Nh4 Nxh4 12. Bxh4 h6 13. Nc2 Qe7 14. Qe2 c6 {0-1 (84) Rapport,R (2707)-Ma,Q (2637) China 2017}) 7... Ne7 8. Nbd2 c6 9. Nf1 Ng6 10. Ng3 {LiveBook: 5 Games} h6 11. Nf5 $146 (11. O-O $142) ({Predecessor:} 11. O-O O-O 12. d4 Re8 13. Re1 Be6 14. Bc2 Qd7 {1-0 (26) Oratovsky,M (2587)-Santos,C (2414) Maia 2003}) 11... Bxf5 $11 12. exf5 Ne7 13. g4 Qd7 14. Qe2 Nfd5 15. Bd2 O-O-O 16. c4 Nf6 17. O-O-O Rhe8 {[#]} (17... c5 $11) 18. c5 $1 $36 {[%mdl 2560] Keeping Black busy.} Bxc5 19. Bxf7 Ned5 20. Bxe8 Rxe8 21. Rhe1 Qc7 (21... Bb4 $16) 22. d4 $18 Bxd4 23. Nxd4 exd4 24. Qd3 Rxe1 (24... c5 $16 {might work better.}) 25. Rxe1 c5 (25... Qb6 $142 26. Kb1 Kc7) 26. f4 Qf7 27. g5 hxg5 28. fxg5 Nd7 29. g6 Qg8 30. Re6 (30. Qc2 $1 $18) 30... Nc7 $2 {[%mdl 8192]} (30... Ne5 $16 31. Qb3 Nc7) 31. Rxd6 Qxa2 $2 {[#]} (31... Nf6 32. Qb3 Qf8) 32. f6 $1 {[%mdl 512]} gxf6 (32... Nxf6 33. Qf5+) 33. g7 $2 (33. Qe4 {aiming for g7.} Qa1+ 34. Kc2) 33... Ne8 $2 {[#]} (33... Qg8) 34. Rxd7 $1 {[%mdl 512]} Kxd7 35. Qb5+ Kd8 36. Qxb7 $2 (36. Qa5+ $18 Qxa5 37. Bxa5+ b6 38. g8=Q bxa5 39. Qd5+ Ke7 40. Qxc5+ Ke6 41. Qxa5) 36... Qc4+ (36... Nxg7 $11 {keeps the balance.} 37. Qxg7 Qc4+ 38. Kd1 Qf1+ 39. Be1 Qf3+ 40. Kc1 Qf4+ 41. Bd2 Qf1+ 42. Kc2 Qc4+ 43. Kd1 (43. Kb1 Qd3+ 44. Kc1 Qf1+ 45. Kc2 Qc4+ 46. Kd1 Qf1+ 47. Be1 Qf3+ 48. Kc1 Qf4+ 49. Kd1 Qf3+ $11) 43... Qf1+ 44. Be1 Qf3+ 45. Kc1 Qf4+ 46. Kd1 Qf3+) 37. Kb1 $16 {Threatening mate with Ba5+.} Qd3+ 38. Ka1 $2 (38. Ka2 $1 $16 {Intending Ba5+ and mate.} Nxg7 39. Ba5+ Ke8 40. Qxg7) 38... Nxg7 $1 $11 39. Ba5+ Ke8 40. Qb8+ Kf7 {White must now prevent ...Qd1+.} 41. Qxa7+ Kg6 {Strongly threatening ...Qd1+.} 42. Qxc5 Qd1+ ({Black should play} 42... Ne6 $1 $17 {[%cal Re6c5]} 43. Qe7 Qf1+ 44. Ka2 Qa6) 43. Ka2 d3 44. Qd4 Qf3 45. Bc3 Ne6 46. Qg1+ Kf5 47. h4 Nf4 48. Qg7 Nd5 49. Qd7+ Kf4 50. Bd2+ Kg3 51. Qg7+ $2 {[%mdl 8192] [#]} (51. Be1+ $11 {and White has nothing to worry.} Kg2 52. Qd6) 51... Kf2 $1 $19 52. Qa7+ Ke2 53. Qa5 Qe4 $2 ({Better is} 53... Ne3 $19 {Hoping for ...Nc4.} 54. b3 Nf1) 54. Be1 (54. h5 $11) 54... Qc4+ $17 55. Kb1 (55. Ka3 $142) 55... Qc2+ 56. Ka2 {[#]} Ne3 $1 {And now ...f5 would win.} 57. Bg3 $2 {[%mdl 8192]} (57. Bc3 $17) 57... f5 (57... d2 $142 58. Qh5+ Kd3 59. Qb5+ Qc4+ 60. Qxc4+ Kxc4 61. b3+ Kc5 62. Bf4 d1=Q 63. Bxe3+ Kb4 64. Bc5+ Kc3 65. Ba3 Qxb3+ 66. Ka1 Qxa3+ 67. Kb1 Qb2#) 58. Qe1+ Kf3 {Black mates.} 59. Be5 d2 60. Qg3+ Ke2 61. Bf4 Qa4+ {Precision: White = 47%, Black = 34%.} 0-1

[Event "HUN-ch Rapid 2018"]
[Site "Ajka"]
[Date "2018.07.21"]
[Round "6"]
[White "Kiss, Pal"]
[Black "Nemeth, Miklos"]
[Result "1/2-1/2"]
[WhiteElo "2356"]
[BlackElo "2469"]
[Annotator "TA"]
[PlyCount "94"]
[EventDate "2018.07.20"]
[EventType "swiss"]
[EventCountry "HUN"]
[SourceTitle "playchess.com"]
[Source "ChessBase"]
[SourceQuality "1"]

{[%evp 14,94,37,27,38,31,29,33,44,32,33,29,60,43,110,34,32,31,36,37,46,11,24,24,37,0,0,0,0,-23,0,0,40,48,42,27,25,27,28,39,27,20,61,60,71,67,71,68,60,51,53,0,13,14,30,0,30,18,15,0,22,0,76,8,8,8,8,8,8,0,0,0,0,0,0,0,0,0,0,0,0,0,0]} 1. d4 Nf6 2. c4 e6 3. Nf3 b6 4. g3 Bb7 5. Bg2 Be7 6. O-O O-O 7. Nc3 Bb4 {E18: Queen's Indian: Old Main Line (4 g3 Bb7 5 Bg2 Be7 6 0-0 0-0 7 Nc3)} (7... Ne4 8. Bd2 d6 9. d5 Nxd2 10. Nxd2 e5 11. b4 a5 12. a3 Nd7 13. Nb3 f5 14. c5 bxc5 15. bxc5 a4 16. c6 axb3 17. cxb7 Rb8 18. Qxb3 {½-½ (42) Gelfand,B (2695)-Kramnik,V (2800) Moscow 2018}) 8. Bd2 {LiveBook: 4 Games} c5 9. a3 Bxc3 {White is slightly better.} 10. Bxc3 Ne4 $146 ({Predecessor:} 10... d6 11. d5 e5 12. Nd2 Nbd7 13. e4 Qe7 14. Qc2 h5 15. f4 {1-0 (35) Guthrie,D (2110)-MacFarlane,A New Zeeland 1996}) 11. Rc1 d6 12. b3 Qc7 13. Bb2 Nd7 (13... f5 $14) 14. Rc2 (14. d5 $16) 14... f5 $14 15. Nd2 Rad8 16. Nxe4 Bxe4 17. Rd2 Bxg2 18. Kxg2 f4 19. Qc2 cxd4 20. Bxd4 e5 21. Bc3 Rf6 22. Qe4 Rdf8 23. Qd5+ Kh8 24. Bb4 $36 {[%cal Rb4d6][%mdl 2048] White fights for an advantage.} Nc5 25. Bxc5 bxc5 26. b4 cxb4 27. axb4 Qc8 28. f3 $1 Rh6 {Hoping for ...Qh3+.} 29. g4 Qd8 30. Rf2 Qb6 31. c5 dxc5 32. Qxc5 (32. bxc5 $14 Qc7 33. Rf1) 32... Re8 33. Rd5 Qb8 34. b5 Rc8 35. Qe7 Re8 $1 {[%cal Re8e7]} 36. Qc5 e4 37. fxe4 Rxe4 {[#]} (37... Rc8 $11 38. Qa3 f3+ 39. Kh1 fxe2 40. Rxe2 Qf4) 38. Rf5 (38. Qxa7 $1 $16 {[%mdl 512]} f3+ (38... Qxa7 39. Rd8+) 39. Kf1 (39. Kh1 Qg8 $11) 39... fxe2+ 40. Ke1) 38... Rf6 $11 {The position is equal.} 39. Rxf6 gxf6 {[%mdl 4096] Endgame KQR-KQR} 40. Qc6 Qe5 41. Qc2 Rb4 42. Qc8+ Kg7 43. Qd7+ Kg6 44. Qd3+ Kg7 45. Qd7+ Kh6 46. Qd3 Rxb5 47. Rf3 {Threatens to win with Rh3+.} Qd5 {Precision: White = 57%, Black = 45%.} 1/2-1/2

[Event "HUN-ch Rapid 2018"]
[Site "Ajka"]
[Date "2018.07.21"]
[Round "6"]
[White "Hoang, Thanh Trang"]
[Black "Medvegy, Zoltan"]
[Result "0-1"]
[WhiteElo "2351"]
[BlackElo "2542"]
[Annotator "TA"]
[PlyCount "74"]
[EventDate "2018.07.20"]
[EventType "swiss"]
[EventCountry "HUN"]
[SourceTitle "playchess.com"]
[Source "ChessBase"]
[SourceQuality "1"]

{[%evp 23,74,-35,-31,-83,-80,-68,-77,-80,-16,-95,-83,-236,-100,-95,-87,-99,-100,-104,-79,-80,-75,-72,-74,-99,-97,-265,-244,-239,-235,-304,-299,-320,-315,-312,-308,-447,-285,-504,-502,-479,-496,-654,-655,-1549,-662,-658,-642,-856,-671,-2396,-2390,-2342,-2255]} 1. d4 Nf6 2. Nf3 e6 3. e3 c5 4. Bd3 d5 5. b3 Nc6 6. Bb2 Bd6 7. O-O O-O 8. Nbd2 b6 9. Ne5 Bb7 {D05: Damenbauernspiele (Colle-Aufbau)} 10. a3 Rc8 (10... Ne7 11. f4 Ne4 12. Bxe4 dxe4 13. Ndc4 Bxe5 14. fxe5 cxd4 15. Nd6 Ba6 16. Rf4 d3 17. Rxe4 dxc2 18. Qxc2 {½-½ (38) Forcen Esteban,D (2549)-Granda Zuniga,J (2688) La Roda 2016}) 11. f4 Ne7 12. Qf3 Nf5 {LiveBook: 4 Partien} 13. Qh3 $146 (13. dxc5 $15 Bxc5 14. Rfe1) ({Vorgänger:} 13. g4 Nh4 14. Qh3 Ne4 15. Rad1 {½-½ (33) Michna,M (2322)-Zawadzka,J (2439) Rio Achaea 2018}) 13... cxd4 $17 14. exd4 Ne4 15. Rad1 f6 {[#]} (15... Qe7 $17 16. Nec4 dxc4 17. Bxe4 cxb3 18. Qxb3 Rfd8) 16. Ng4 (16. Nec4 $1 $11 {[%mdl 512] bleibt in der Remisbreite.}) 16... Qc7 {[#]} 17. Qf3 $2 (17. c3 $1 $17 {[%mdl 512] war angesagt.}) 17... Nc3 (17... h5 $19 {ist viel giftiger.} 18. Ne3 Bxf4 $1 {[%mdl 512]} 19. Qxf4 Qxf4 20. Rxf4 Nxe3) 18. Bxc3 Qxc3 19. Bxf5 exf5 20. Ne3 g6 21. Nb1 Qc6 22. c3 Rfe8 $36 {[%mdl 2048] Schwarz hat starke Initiative.} 23. a4 Re4 {...Tce8 ist eine echte Drohung.} 24. Nc2 $2 (24. g3 $17 {war die einzige Verteidigung.}) 24... Rxf4 25. Qd3 Re4 26. Rde1 Qc7 27. g3 Kg7 28. Re2 h5 29. Rfe1 (29. Ne3 {war einen Versuch wert.}) 29... a5 30. Re3 $2 (30. Rg2) 30... f4 $19 {Schwarz steht klar auf Gewinn.} 31. gxf4 Bxf4 32. R3e2 Rce8 33. Qd1 {[#]} Qe7 (33... Bxh2+ $142 $1 {[%mdl 512]} 34. Kh1 (34. Rxh2 Qg3+) 34... Rh4) 34. Rxe4 dxe4 35. Ne3 f5 {[%cal Bf6f5,Bf5f4][%mdl 32]} 36. Kh1 Bxe3 37. Rxe3 f4 {Precision: Weiß = 23%, Schwarz = 56%.} 0-1

[Event "HUN-ch Rapid 2018"]
[Site "Ajka"]
[Date "2018.07.21"]
[Round "6"]
[White "Deak, Sandor"]
[Black "Sarok, Peter"]
[Result "1-0"]
[WhiteElo "2335"]
[BlackElo "2105"]
[Annotator "NA RC"]
[PlyCount "107"]
[EventDate "2018.07.20"]
[EventType "swiss"]
[EventCountry "HUN"]
[SourceTitle "playchess.com"]
[Source "ChessBase"]
[SourceQuality "1"]
[TimeControl "1200+5"]

1. d4 {[%emt 0:06:35]} d5 2. c4 {[%emt 0:00:01]} e6 {[%emt 0:00:07]} 3. Nc3 {[%emt 0:00:01]} c6 {[%emt 0:00:04]} 4. cxd5 {[%emt 0:00:04]} exd5 {[%emt 0:00:03]} 5. Nf3 {[%emt 0:00:01]} Be7 {[%emt 0:00:13]} 6. Qc2 {[%emt 0:00:12]} Nd7 {[%emt 0:00:19]} 7. Bf4 {[%emt 0:00:03]} Ngf6 {[%emt 0:00:07]} 8. e3 {[%emt 0:00:01]} Nf8 {[%emt 0:00:26]} 9. Bd3 {[%emt 0:00:02]} Ne6 {[%emt 0:00:37]} 10. Be5 {[%emt 0:00:28]} h6 {[%emt 0:00:30]} 11. O-O {[%emt 0:00:02]} O-O {[%emt 0:00:14]} 12. Bxf6 {[%emt 0:00:03]} Bxf6 {[%emt 0:00:04]} 13. b4 {[%emt 0:00:01]} a6 {[%emt 0:01:33]} 14. a4 {[%emt 0:00:03]} Qd6 {[%emt 0:01:27]} 15. Rfb1 {[%emt 0:03:14]} Bd7 {[%emt 0:00:38]} 16. a5 {[%emt 0:00:01]} Ng5 {[%emt 0:02:37]} 17. Nd2 {[%emt 0:00:01]} Rad8 {[%emt 0:00:36]} 18. Na4 {[%emt 0:00:02]} Rfe8 {[%emt 0:00:30]} 19. Nc5 {[%emt 0:00:01]} Bc8 {[%emt 0:00:08]} 20. Bf5 {[%emt 0:00:00]} Bxf5 {[%emt 0:02:09]} 21. Qxf5 {[%emt 0:00:03]} g6 {[%emt 0:00:28]} 22. Qd3 {[%emt 0:00:18]} Re7 {[%emt 0:00:08]} 23. Ra2 {[%emt 0:00:46]} h5 {[%emt 0:00:08]} 24. Rc2 {[%emt 0:00:31]} Rde8 {[%emt 0:00:16]} 25. Rbc1 {[%emt 0:00:02]} Ra8 {[%emt 0:00:32]} 26. Nxb7 {[%emt 0:00:56]} Rxb7 {[%emt 0:00:06]} 27. Rxc6 {[%emt 0:00:01]} Qe7 {[%emt 0:00:06]} 28. Rxa6 {[%emt 0:01:36]} Rxa6 {[%emt 0:00:12]} 29. Qxa6 {[%emt 0:00:01]} Rxb4 {[%emt 0:00:16]} 30. Qa8+ {[%emt 0:00:03]} Kh7 {[%emt 0:00:21]} 31. Qxd5 {[%emt 0:00:02]} Rb2 {[%emt 0:01:03]} 32. Nc4 {[%emt 0:00:47]} Ra2 {[%emt 0:02:41]} 33. Rb1 {[%emt 0:01:21]} Qb4 {[%emt 0:00:50]} 34. Rf1 {[%emt 0:01:04]} Qb3 {[%emt 0:00:04]} 35. h4 {[%emt 0:01:15]} Ne6 {[%emt 0:00:27]} 36. g3 {[%emt 0:00:50]} Rc2 {[%emt 0:00:30]} 37. Nb6 {[%emt 0:00:00]} Qa2 {[%emt 0:01:19]} 38. Qf3 {[%emt 0:00:05]} Kg7 {[%emt 0:00:05]} 39. Nd5 {[%emt 0:00:05]} Bd8 {[%emt 0:00:02]} 40. Qe4 {[%emt 0:00:01]} Rb2 {[%emt 0:00:38]} 41. Qe5+ {[%emt 0:00:08]} Kg8 {[%emt 0:00:05]} 42. Nf6+ {[%emt 0:01:03]} Bxf6 {[%emt 0:00:03]} 43. Qxf6 {[%emt 0:00:00]} Rb1 {[%emt 0:00:11]} 44. Qe5 {[%emt 0:00:02]} Rxf1+ {[%emt 0:00:04]} 45. Kxf1 {[%emt 0:00:00]} Qc4+ {[%emt 0:00:16]} 46. Kg1 {[%emt 0:00:02]} Nc7 {[%emt 0:00:06]} 47. Kh2 {[%emt 0:00:13]} Qc2 {[%emt 0:00:06]} 48. Kg2 {[%emt 0:00:03]} Qc4 {[%emt 0:00:03]} 49. e4 {[%emt 0:00:04]} Ne6 {[%emt 0:00:04]} 50. d5 {[%emt 0:00:04]} Nc5 {[%emt 0:00:02]} 51. d6 {[%emt 0:00:26]} Qb5 {[%emt 0:00:32]} 52. Qd5 {[%emt 0:00:08]} Qxa5 {[%emt 0:00:06]} 53. d7 {[%emt 0:00:04]} Qc7 {[%emt 0:00:07]} 54. d8=Q+ 1-0

[Event "HUN-ch Rapid 2018"]
[Site "Ajka"]
[Date "2018.07.21"]
[Round "6"]
[White "Csonka, Balazs"]
[Black "Margl, Roland"]
[Result "1-0"]
[WhiteElo "2311"]
[BlackElo "2047"]
[Annotator "NA"]
[PlyCount "59"]
[EventDate "2018.07.20"]
[EventType "swiss"]
[EventCountry "HUN"]
[SourceTitle "playchess.com"]
[Source "ChessBase"]
[SourceQuality "1"]
[TimeControl "1200+5"]

1. d4 {[%emt 0:00:04]} d5 {[%emt 0:00:01]} 2. Nf3 {[%emt 0:00:03]} Nf6 {[%emt 0:00:02]} 3. c4 {[%emt 0:00:02]} e6 {[%emt 0:00:01]} 4. g3 {[%emt 0:00:10]} Bb4+ {[%emt 0:00:03]} 5. Bd2 {[%emt 0:03:02]} Be7 {[%emt 0:00:02]} 6. Bg2 {[%emt 0:00:02]} O-O {[%emt 0:00:03]} 7. O-O {[%emt 0:00:04]} c6 {[%emt 0:00:02]} 8. Bf4 {[%emt 0:00:17]} Nbd7 {[%emt 0:00:40]} 9. Nc3 {[%emt 0:00:05]} dxc4 {[%emt 0:01:53]} 10. e4 {[%emt 0:00:02]} b5 {[%emt 0:00:41]} 11. d5 {[%emt 0:00:04]} Nxe4 {[%emt 0:05:13]} 12. d6 {[%emt 0:04:45]} Bf6 {[%emt 0:02:28]} 13. Nxe4 {[%emt 0:00:05]} Bxb2 {[%emt 0:02:13]} 14. Rb1 {[%emt 0:00:47]} Ba3 {[%emt 0:00:32]} 15. Nd4 {[%emt 0:05:34]} Bb7 {[%emt 0:00:52]} 16. Bg5 {[%emt 0:01:02]} Qb6 {[%emt 0:01:58]} 17. Nc2 {[%emt 0:01:07]} Bc5 {[%emt 0:00:35]} 18. Nxc5 {[%emt 0:01:13]} Qxc5 {[%emt 0:00:05]} 19. Be7 {[%emt 0:00:07]} Rfc8 {[%emt 0:00:01]} 20. Qd4 {[%emt 0:00:56]} Qxd4 {[%emt 0:02:03]} 21. Nxd4 {[%emt 0:00:02]} a6 {[%emt 0:00:01]} 22. Rfe1 {[%emt 0:01:20]} Rab8 {[%emt 0:00:25]} 23. Bh3 {[%emt 0:00:04]} Nc5 {[%emt 0:01:11]} 24. d7 {[%emt 0:00:18]} Nxd7 {[%emt 0:00:01]} 25. Nxe6 {[%emt 0:00:02]} Re8 {[%emt 0:00:12]} 26. Nc7 {[%emt 0:00:34]} Rec8 {[%emt 0:00:31]} 27. Bxd7 {[%emt 0:00:12]} Rxc7 {[%emt 0:00:01]} 28. Bd6 {[%emt 0:00:01]} Rxd7 {[%emt 0:00:01]} 29. Bxb8 {[%emt 0:00:02]} f6 {[%emt 0:00:02]} 30. Rbd1 {[%emt 0:00:07]} 1-0

[Event "HUN-ch Rapid 2018"]
[Site "Ajka"]
[Date "2018.07.21"]
[Round "6"]
[White "Szelenyi, Norbert"]
[Black "Almasi, Istvan"]
[Result "1-0"]
[WhiteElo "2284"]
[BlackElo "2416"]
[Annotator "TA"]
[PlyCount "73"]
[EventDate "2018.07.20"]
[EventType "swiss"]
[EventCountry "HUN"]
[SourceTitle "playchess.com"]
[Source "ChessBase"]
[SourceQuality "1"]

{[%evp 9,72,10,25,16,56,56,87,53,49,25,32,28,33,11,16,11,17,6,82,96,104,99,123,114,111,90,313,324,303,307,315,270,306,321,328,305,294,297,303,298,593,598,608,581,597,577,541,394,404,340,366,269,257,268,257,249,286,256,244,231,231,197,29997,29998,29999]} 1. e3 c5 2. b3 Nf6 3. Bb2 b6 4. c4 Bb7 5. Nf3 d6 {[%cal Bd7d6,Bd6d5][%mdl 32]} 6. Be2 {A00: Irregular Openings} e5 $146 ({Predecessor:} 6... Nbd7 7. O-O g6 8. a3 Bg7 9. d3 O-O 10. b4 {0-1 (46) Csom,I (2510)-Kortschnoj,V (2695) Rotterdam 1979}) 7. O-O Be7 8. Nc3 {White is better.} O-O 9. Qc2 Nc6 10. Rad1 d5 11. d4 cxd4 12. exd4 e4 $1 {[%cal Re4f3]} 13. Ne5 Nb4 (13... Rc8 $11 {remains equal.}) 14. Qb1 $16 dxc4 15. bxc4 {[%cal Bb3c4,Bc4c5,Bc5c6][%mdl 32]} Bd6 16. a3 $36 {[%mdl 2048] White is on the roll.} Na6 17. c5 Bb8 $2 (17... bxc5 $16 {might work better.} 18. dxc5 Nxc5) 18. c6 $18 Bc8 19. Nxe4 Nd5 20. Bf3 Nac7 21. Rfe1 Be6 22. g3 Re8 23. h4 h6 24. a4 f6 $2 (24... a5 25. Nc3 Nxc3 26. Bxc3 Nd5) 25. Nd7 Bxd7 26. cxd7 Qxd7 27. Nc3 Rd8 28. Qa2 Kh7 29. Nxd5 Nxd5 30. Bxd5 Qxd5 31. Qxd5 Rxd5 32. Re8 b5 33. a5 b4 34. Rc1 {Rc5 is the strong threat.} Rxa5 {[#]} 35. Rcc8 $1 Ra2 $2 {[#]} (35... Rb5 $18) 36. h5 $1 {[%csl Gc8][%cal Re8h8]} g5 37. Re7# {Precision: White = 80%, Black = 35%.} 1-0